000 01225nam a22002897a 4500
999 _c119253
_d119253
003 dpl
005 20190226132726.0
008 190226b ||||| |||| 00| 0 eng d
010 _aB-242226
020 _c150.00
_a8171245498
035 _aB-242226, B-242228
037 _bCen Lib/Ret
040 _aDPL
_bHN
_c0
082 _a780
_bप्रमिला
100 _aप्रमिला प्रियहासिनी
_942819
245 _aसंगीत की रसिक परम्परा /
_cप्रमिला प्रियहासिनी
246 _aSangeet rasik parmpara /
_bby Pramila Priyahasini
260 _aवाराणसी
_bविश्वविद्यला प्रकाशन
_c2007
270 _bवाराणसी
_aचौक
300 _axi136पृ.
_c19सेमी(सजिल्द )
500 _aपरिशिष्ट शामिल
650 _aसंगीत - भारत - इतिहास और आलोचना।
_x
_z
_984027
650 _aसंगीत
_984028
650 _aMusic -- India -- History and criticism
_984029
650 _aMusic
_94778
942 _2ddc
_cHN
_h780
_mप्रमिला